Statistics for Denver Broncos: Most Passing TDs Each Year

Click here to take the quiz!

General Stats

  • This quiz has been taken 351 times
    (172 since last reset)
  • The average score is 34 of 63

Answer Stats

YearPlayerTDs% Correct
1991John Elway19
99%
1993John Elway25
99%
1986John Elway19
99%
1987John Elway19
99%
1988John Elway17
99%
1989John Elway18
99%
1990John Elway15
99%
1992John Elway10
99%
1994John Elway16
99%
1984John Elway18
99%
1995John Elway26
99%
1996John Elway26
99%
1997John Elway27
99%
1998John Elway22
99%
1985John Elway22
99%
2012Peyton Manning37
99%
2013Peyton Manning55
99%
2014Peyton Manning39
99%
2022Russell Wilson16
97%
2011Tim Tebow12
75%
2020Drew Lock16
74%
2019Drew Lock7
74%
2021Teddy Bridgewater18
69%
2008Jay Cutler25
62%
2007Jay Cutler20
62%
2015Brock Osweiler10
59%
2017Trevor Siemian12
59%
2016Trevor Siemian18
59%
2005Jake Plummer18
55%
2006Jake Plummer11
55%
2004Jake Plummer27
55%
2003Jake Plummer15
55%
2018Case Keenum18
51%
2009Kyle Orton21
40%
2010Kyle Orton20
40%
2002Brian Griese15
39%
2001Brian Griese23
39%
2000Brian Griese19
39%
1999Brian Griese14
39%
1980Craig Morton12
35%
1979Craig Morton16
35%
1981Craig Morton21
35%
1978Craig Morton11
35%
1977Craig Morton14
35%
1972Charley Johnson14
25%
1973Charley Johnson20
25%
1974Charley Johnson13
25%
1960Frank Tripucka24
19%
1961Frank Tripucka10
19%
1962Frank Tripucka17
19%
1982Steve DeBerg7
15%
1983Steve DeBerg9
15%
1968Marlin Briscoe14
8%
1976Steve Ramsey11
6%
1971Steve Ramsey5
6%
1975Steve Ramsey9
6%
1964Jacky Lee11
5%
1966John McCormick6
5%
1965John McCormick7
5%
1963Mickey Slaughter12
5%
1970Pete Liske7
5%
1969Steve Tensi14
5%
1967Steve Tensi16
5%

Score Distribution

Percentile by Number Answered

Percent of People with Each Score

Your Score History

You have not taken this quiz since the last reset